| 000 | 00848nam a22002657a 4500 | ||
|---|---|---|---|
| 003 | DO-SdBNP | ||
| 005 | 20230504104749.0 | ||
| 008 | 160914b2011 mx |||00| 0 spa d | ||
| 020 | _a9786071110176 | ||
| 040 |
_aBPMSU _bspa _cBPMSU |
||
| 082 | 4 |
_a306 _bF363q 2011 _222 |
|
| 100 | 1 |
_aFernández Christlieb, Pablo, _d1954- |
|
| 245 | 1 | 3 |
_aLo que se siente pensar o la cultura como psicología / _c Pablo Fernández Christlieb. |
| 260 |
_aMéxico : _bEditoraTaurus, _c2011. |
||
| 300 |
_a331 p. ; _c 22 cm. |
||
| 500 | _aIncluye datos biográficos del autor en la solapa | ||
| 504 | _aIncluye bibliografía e índice. | ||
| 650 | 4 | _aCultura | |
| 650 | 4 | _aPensamiento. | |
| 650 | _aInteligencia | ||
| 650 | 4 |
_aCultura _xAspectos psicológicos |
|
| 650 | _aCivilización | ||
| 910 | _aVMateo V. Control de calidad (BPMSU) | ||
| 942 |
_2ddc _cBK |
||
| 999 |
_c11377 _d11377 |
||